00328nam a2200133Ia 4500003000400000008004100004082001700045100002100062245005800083250000800141260002900149300000800178650000800186OSt191201s2009 xx 000 0 und d a658.312bTHE aTHACKER, James W 0aEffective Training Systems, Strategies, and Practices aIMP aNew DelhibPearsonc2009 a486 aMBA